From Eros to Gaia
Αποθηκεύτηκε σε:
| Κύριος συγγραφέας: | |
|---|---|
| Μορφή: | Βιβλίο |
| Γλώσσα: | English |
| Δημοσίευση: |
New York :
Penguin Books,
c1992
|
| Σειρά: | Penguin science
|
| Θέματα: | |
| Ετικέτες: |
Προσθήκη ετικέτας
Δεν υπάρχουν, Καταχωρήστε ετικέτα πρώτοι!
|
MARC
| LEADER | 00000nam a2200000 i 4500 | ||
|---|---|---|---|
| 001 | 1/84807 | ||
| 008 | 990628s1992 eng d | ||
| 020 | |a 0-14-017423-0 | ||
| 035 | |l 10051694 | ||
| 040 | |a GR-MY-UA |b gre |e aacr | ||
| 041 | 0 | |a eng | |
| 082 | 0 | |a 500 | |
| 100 | 1 | |a Dyson, Freeman J. | |
| 245 | 1 | 0 | |a From Eros to Gaia / |c Freeman Dyson |
| 260 | |a New York : |b Penguin Books, |c c1992 | ||
| 300 | |a 369 p. | ||
| 490 | 1 | |a Penguin science | |
| 504 | |a Includes bibliographical references and index | ||
| 650 | 0 | 0 | |a Science. |
| 650 | 0 | 0 | |a Scientists. |
| 650 | 0 | 0 | |a Physics. |
| 650 | 0 | 0 | |a Physicists. |
| 650 | 0 | 0 | |a Astronomy. |
| 830 | 0 | |a Penguin science | |
| 852 | |a INST |b LESVOS |e 19990628 |h 500 DYS |p 005100019962 |q 005100019962 |t BK |y 0 | ||
| 901 | |a BIBL1-1999-2 | ||
| 909 | |a Λ |b 062523 | ||
| 922 | |a 1ΕΛΗ |b 199812 |c ΚΠΣ/ΤΓ |d LEADER | ||
| 950 | |a 118-1998-10-19 | ||
| 970 | |a ΤΖΑΦΕΡΗ |b ΕΥΑΓΓΕΛΙΑ |z 1999/07/07 | ||